| 000 | 00571nam a2200205Ia 4500 | ||
|---|---|---|---|
| 005 | 20250508165542.0 | ||
| 008 | 008 250505s9999 xx 000 0 hin d | ||
| 020 | _a978-93-5072-972-4 | ||
| 037 | _aTextual | ||
| 040 |
_aFEDL _beng _cFEDL |
||
| 041 |
_ahin _2hin |
||
| 084 |
_a891.433, SAN _qFEDL |
||
| 100 | _aSanjeev | ||
| 245 | 0 | _aGairiradtan hatya urf marityupoorv ka iqbaliya bayan | |
| 260 |
_aNew Delhi, India _bVani Prakashan _c2015 |
||
| 300 | _a88p. | ||
| 365 |
_aINR _b1995 |
||
| 942 |
_cTEXL _h891.433, SAN |
||
| 999 |
_c1395825 _d1395825 |
||